000 00305nam a2200121Ia 4500
005 20251222143310.0
008 251222s9999||||xx |||||||||||||| ||spa||
082 _a276.1/R83/T.I
100 _aDaniel-Rops, Henry
245 0 _aLa Iglesia de los Tiempos Clásicos
264 _bLuis de Caralt
942 _cLIB
999 _c15670
_d15670